000
00299nam a2200121Ia 4500
008
190216s9999||||xx |||||||||||||| ||und||
100
_a
Abdul Assis Koroth
245
0
_a
Information Technology For Business
260
_b
Null
_c
2003
300
_a
402p
650
_a
Information Technology
942
_c
BK
999
_c
6475
_d
6475